000 01500nam0a2200337 4500
001 RU\NLR\BIBL_A\022541755
005 20260607064207.0
010 _a978-5-04-186152-0
_93000
021 _aRU
_bКН-П-25-016618
_9КН-П-25-1689
035 _a(NLR Aleph) 022541755
090 _a13446914
_c13446914
100 _a20250515d2025 b y0rusy50 ca
101 1 _arus
_ceng
102 _aRU
105 _aa z 000ay
181 0 _ai3
_baxxe
181 0 _ab2
_bxb2e
182 0 _an
200 1 _aВетер в ивах
_e[для дошкольного возраста, текст для чтения взрослыми детям]
_fКеннет Грэм
_gперевод с английского Наталии Виноградовой, в сокращении
_gиллюстрации Ольги Поляковой
203 _aТекст
_aИзображение
_bвизуальные
_cнепосредственные
210 _aМосква
_cЭксмо, #эксмодетство
_d2025
215 _a120 с.
_cил., цв. ил.
_d22
333 _a6+
686 0 _aШ9(4Вл)60-4
700 1 _8rus
_7ca
_aГрэм
_bК.
_f1859-1932
_gКеннет
_3RU\NLR\AUTH\7723575
_96628
702 1 _4440
_7ca
_8rus
_aПолякова
_bО. А.
_cхудожник
_f1952-
_gОльга Александровна
_9176119
_3RU\NLR\AUTH\770176170
942 _cBOOK
980 _aNB